000 00803nam a2200241 i 4500
001 C2-0335128
003 PPAK
005 20180728134644.0
008 151220s2008 my a|||| ||||| | may d
040 _aPPAK
_beng
_cPPAK
_erda
082 0 4 _a351.595
_223
090 0 0 _a351.595
_bRUZ
_dKK
100 0 _aRuzana Haji Jajuri,
_eauthor
245 1 0 _aKursus pengurusan prestasi
264 1 _aSungai Petani, Kedah :
_bInstitut Tadbiran Awam Negara ,
_c2008
300 _a1 volume (unpaged) :
_billustrations ;
_c30 cm
336 _2rdacontent
_atext
337 _2rdamedia
_aunmediated
338 _2rdacarrier
_avolume
650 1 0 _aCivil service - Malaysia - Evaluation. ; Performance - Measurement - Handbooks, manuals, etc.
700 0 _aInstitut Tadbiran Awam Negara,
_ecompile
942 _ddc
_cB
999 _c133389
_d133389